<La> enseñanza de la asignatura Negociaciones en la lengua española: una aproximación didáctica

Saved in:
Bibliographic Details
Main Author: Paľková, Jana
Format: Book Chapter
Language:Spanish
Subjects:
Tags: Add Tag
No Tags, Be the first to tag this record!

MARC

LEADER 00000naa$a2200000$$$4500
001 0105614
005 20240502072154.6
041 0 |a spa 
044 |a SK 
245 1 0 |a <La> enseñanza de la asignatura Negociaciones en la lengua española: una aproximación didáctica  |c Jana Paľková 
610 2 0 |a rokovania obchodné 
610 2 0 |a jazyky cudzie 
610 2 0 |a španielčina 
610 2 0 |a vyučovanie 
610 2 0 |a didaktika 
100 1 |a Paľková, Jana